000
00285nam a22001217a 4500
020
_a
0-7099-0434-7
082
_a
355.033 EST'T
100
_a
TOWLE, PHILIP
_9
75189
245
_a
ESTIMATING FOREIGN MILITARY POWER
260
_a
LONDON
_b
CROOM HOLM
_c
1982
300
_a
276P
942
_c
BK
999
_c
580659
_d
580659